कहते है तब शहंशाह सो रहे थे / (Record no. 26610)

MARC details
000 -LEADER
fixed length control field 04584nam a22004697a 4500
005 - DATE AND TIME OF LATEST TRANSACTION
control field 2009052004404.0
010 ## - LCCN (DPL NO)
LC control number HIN-86565 B-437824-829
020 ## - INTERNATIONAL STANDARD BOOK NUMBER
International Standard Book Number 9788126316946
Terms of availability 120.00
035 ## - SYSTEM CONTROL NUMBER
System control number HN-58911
035 ## - SYSTEM CONTROL NUMBER
System control number B-352099-104 B-437824-829
037 ## - SOURCE OF ACQUISITION
Source of stock number/acquisition DBAD / PUB
037 ## - SOURCE OF ACQUISITION
Source of stock number/acquisition Allied Pub.
037 ## - SOURCE OF ACQUISITION
Source of stock number/acquisition भारतीय ज्ञानपीठ
082 ## - DEWEY DECIMAL CLASSIFICATION NUMBER
Classification number 821
100 ## - MAIN ENTRY--PERSONAL NAME
Personal name चौधरी, उमा शंकर
245 ## - TITLE STATEMENT
Title कहते है तब शहंशाह सो रहे थे /
Statement of responsibility, etc उमा शंकर चौधरी
246 ## - VARYING FORM OF TITLE
Title proper/short title Kahate hain taba shanshaaha so rahe the
Remainder of title by Uma Shankar Choudhary
260 ## - PUBLICATION, DISTRIBUTION, ETC. (IMPRINT)
Place of publication, distribution, etc नयी दिल्ली
Name of publisher, distributor, etc भारतीय ज्ञानपीठ
Date of publication, distribution, etc 2009
270 ## - ADDRESS
Address 18, इन्स्टीट्यूशनल एरिया, लोदी रोड़
City नयी दिल्ली
Postal code 110003
Electronic mail address jnanpith@satyam.net.in
300 ## - PHYSICAL DESCRIPTION
Extent 136 पृ.
Dimensions 22सेमी (सजिल्द)
490 ## - SERIES STATEMENT
Series statement लोकोदय ग्रन्थमालाः ग्रन्थांक; 984 / रवीन्द्र कालिया द्वारा संपादित
-- 29388
650 ## - SUBJECT ADDED ENTRY--TOPICAL TERM
Topical term or geographic name as entry element हिन्दी कविता
650 ## - SUBJECT ADDED ENTRY--TOPICAL TERM
Topical term or geographic name as entry element Hindi poetry
700 ## - ADDED ENTRY--PERSONAL NAME
Personal name कालिया, रवीन्द्र
9 (RLIN) 27856
942 ## - ADDED ENTRY ELEMENTS (KOHA)
Source of classification or shelving scheme Dewey Decimal Classification
Item type Hindi Books
Classification part 821
Call number suffix चौधरी
Holdings
Withdrawn status Lost status Not for loan Collection code Home library Current library Date acquired Source of acquisition Cost, normal purchase price Full call number Barcode Copy number Cost, replacement price Koha item type
      Non-fiction Central Library Central Library 11/07/2011 एलाईड पब्लिशर्स/2970/30.3.11/84/24.3.11/31.3.11 120.00 821 चौधरी B-437824 2 120.00 Hindi Books
      Non-fiction Central Library Central Library 11/07/2011 एलाईड पब्लिशर्स/2970/30.3.11/84/24.3.11/31.3.11 120.00 821 चौधरी B-437825 2 120.00 Hindi Books
    Not For Loan Non-fiction D.B.Act.Division D.B.Act.Division 20/05/2009 DBAD / PUB 120.00 821 चौधरी HN-58911 1 120.00 Hindi Books
      Non-fiction Janak Puri Janak Puri 26/08/2009 DBAD / PUB / DUP 120.00 821 चौधरी B-356838 1 120.00 Hindi Books
      Non-fiction Janak Puri Janak Puri 26/10/2009 0/000084-D/17.7.09/68/11.7.09/29.7.09 120.00 821 चौधरी B-352100 1 120.00 Hindi Books
      Non-fiction Karol Bagh Karol Bagh 26/10/2009 0/000084-D/17.7.09/68/11.7.09/29.7.09 120.00 821 चौधरी B-352103 1 120.00 Hindi Books
      Non-fiction Karol Bagh Karol Bagh 11/07/2011 एलाईड पब्लिशर्स/2970/30.3.11/84/24.3.11/31.3.11 120.00 821 चौधरी B-437828 1 120.00 Hindi Books
      Non-fiction Patel Nagar Patel Nagar 26/10/2009 0/000084-D/17.7.09/68/11.7.09/29.7.09 120.00 821 चौधरी B-352099 1 120.00 Hindi Books
      Non-fiction Patel Nagar Patel Nagar 11/07/2011 एलाईड पब्लिशर्स/2970/30.3.11/84/24.3.11/31.3.11 120.00 821 चौधरी B-437826 1 120.00 Hindi Books
      Non-fiction Sarojini Nagar Sarojini Nagar 26/10/2009 0/000084-D/17.7.09/68/11.7.09/29.7.09 120.00 821 चौधरी B-352101 1 120.00 Hindi Books
      Non-fiction Sarojini Nagar Sarojini Nagar 11/07/2011 एलाईड पब्लिशर्स/2970/30.3.11/84/24.3.11/31.3.11 120.00 821 चौधरी B-437827 1 120.00 Hindi Books
      Non-fiction Shahdara Branch Shahdara Branch 26/10/2009 0/000084-D/17.7.09/68/11.7.09/29.7.09 120.00 821 चौधरी B-352104 1 120.00 Hindi Books
      Non-fiction Shahdara Branch Shahdara Branch 11/07/2011 एलाईड पब्लिशर्स/2970/30.3.11/84/24.3.11/31.3.11 120.00 821 चौधरी B-437829 1 120.00 Hindi Books
      Non-fiction Vinoba Puri Vinoba Puri 26/10/2009 0/000084-D/17.7.09/68/11.7.09/29.7.09 120.00 821 चौधरी B-352102 1 120.00 Hindi Books

© Delhi Public Library
Hit Counter
free hit counter